| 000 | 00689nam a2200181 i 4500 | ||
|---|---|---|---|
| 001 | 95000 | ||
| 003 | ES-MaACL | ||
| 007 | t| | ||
| 008 | 050519s1945 ag ||||1| spa d | ||
| 100 | 1 |
_aLuisada, Aldo Augusto. _974702 |
|
| 245 | 1 | 0 |
_aCardiología _b: patología y clinica del aparato circulatorio / _cAldo Augusto Luisada; versión castellana por el Dr. Juan Rizzo prólogo Dr. Antonio Battro. |
| 250 |
_a1ª ed. _ben castellano de la edición italiana, actualizada por el autor. |
||
| 260 |
_aBuenos Aires : _bAlfa, _c1945. |
||
| 300 |
_a956 p., 4 h. : _bil. ; _c26 cm. |
||
| 700 | 1 |
_aRizzo, Juan. _997758 |
|
| 700 | 1 |
_aBattro, Antonio. _926490 |
|
| 852 |
_aES-MaACL _jE-1922 _bR.22622 |
||
| 999 |
_c95000 _d95000 |
||